000 00599nam a2200181 i 4500
001 97879
003 ES-MaACL
005 20250823063054.0
007 t|
008 050719s1916 sp ||||1| spa d
100 1 _aEza, Luis Marichalar y Monreal,
_cVizconde de,
_d1873-1945
_976705
245 1 3 _aEl problema económico en España /
_cpor el Vizconde de Eza.
260 _aMadrid :
_b[s.n.],
_c1916 (
_fImp. de Bernardo Rodríguez)
300 _a234 p. ;
_c25 cm.
651 4 _aEspaña-
_xPolítica económica-
_y1902-1931.
_9158844
852 _aES-MaACL
_jF-1265
999 _c97879
_d97879